000 00396nam a22001577i 4500
020 _a0312252013 :
020 _a0312252021 (pbk.) :
040 _cDLC
082 _a333 MAR 1978 A069 Or.
100 1 _aDavis, David Howard.
245 1 0 _aEnergy politics /
250 _a2d ed.
260 _aNew York :
_bSt. Martin's Press,
_cc1978.
300 _avii, 278 p. :
_bdiagrs. ;
_c22 cm.
942 _cEK
999 _c14679
_d14679